Теоретические и экспериментальные исследования электропривода запорной арматуры при изменении температуры окружающей среды; Научная инициатива иностранных студентов и аспирантов российских вузов

Dades bibliogràfiques
Parent link:Научная инициатива иностранных студентов и аспирантов российских вузов.— 2009.— С. 177-178
Autor principal: Хошнау Зана
Altres autors: Бекишев Р. Ф. (научный руководитель)
Idioma:rus
Publicat: 2009
Matèries:
Format: MixedMaterials Capítol de llibre
KOHA link:https://koha.lib.tpu.ru/cgi-bin/koha/opac-detail.pl?biblionumber=174330

MARC

LEADER 00000naa2a2200000 4500
001 174330
005 20231031164639.0
035 |a (RuTPU)RU\TPU\book\189045 
090 |a 174330 
100 |a 20100126d2009 k y0rusy50 ca 
101 0 |a rus 
102 |a RU 
200 1 |a Теоретические и экспериментальные исследования электропривода запорной арматуры при изменении температуры окружающей среды   |f Хошнау Зана  |g науч. рук. Р. Ф. Бекишев 
463 0 |0 (RuTPU)RU\TPU\book\182746  |t Научная инициатива иностранных студентов и аспирантов российских вузов  |o II Всероссийская научно-практическая конференция, Томск, 21-22 мая 2009 г.   |o сборник докладов  |f Ассоциация иностранных студентов в России (АИС); Томский политехнический университет (ТПУ), Институт международного образования и языковой коммуникации (ИМОиЯК)  |v С. 177-178  |d 2009  |p 565 с. 
610 1 |a электроприводы 
610 1 |a запорная арматура 
610 1 |a температура 
610 1 |a асинхронные двигатели 
610 1 |a климатические условия 
610 1 |a труды учёных ТПУ 
700 0 |a Хошнау Зана 
702 1 |a Бекишев  |b Р. Ф.  |4 727 
801 1 |a RU  |b 63413507  |c 20100126 
942 |c BK